Foods Invented in Scotland - Statistics

General Stats
  • This quiz has been taken 52 times
  • The average score is 6 of 12
Answer Stats
Picture Answer % Correct
Haggis
95%
Marmalade
81%
Porridge
81%
Shortbread
81%
Tablet
49%
Scotch Pie
47%
Macaroni Pie
44%
Lorne Sausage
42%
Potato Scone
33%
Cullen Skink
30%
Cranachan
28%
Macaroon
16%
No matching quizzes found
Score Distribution
Percent of People with Each Score
Percentile by Number Answered
Your Score History
You have not taken this quiz